000 00606nam a2200181Ia 4500
008 151018s9999 xx 000 0 und d
082 _bRBASDV33413
_a891.463
100 _aविजय तरवडे
245 _aमिनू मिनू पोपट
250 _b1
260 _bपपीलॉन पब्लिशिंग हाउस पुणे
_c2000
300 _a108
600 _aविजय तरवडे
630 _aमिनू मिनू पोपट
700 _aविजय तरवडे
730 _aमिनू मिनू पोपट
942 _cBOOK
999 _c1032926
_d1032923